Dysphagia Diagnosis and Treatment /

This book provides a comprehensive and up-to-date description of the diagnosis and management of dysphagia, with particular reference to oral and pharyngeal dysfunction. All aspects of dysphagia are covered, from anatomy and physiology to patient care. Alongside descriptions of a variety of disease...

Full description

Bibliographic Details
Corporate Author: SpringerLink (Online service)
Other Authors: Ekberg, Olle (Editor)
Format: Electronic eBook
Language:English
Published: Berlin, Heidelberg : Springer Berlin Heidelberg : Imprint: Springer, 2012.
Series:Medical Radiology,
Subjects:
Online Access:Full Text via HEAL-Link
LEADER 04062nam a22005175i 4500
001 978-3-642-17887-0
003 DE-He213
005 20151204150853.0
007 cr nn 008mamaa
008 120827s2012 gw | s |||| 0|eng d
020 |a 9783642178870  |9 978-3-642-17887-0 
024 7 |a 10.1007/978-3-642-17887-0  |2 doi 
040 |d GrThAP 
050 4 |a R895-920 
072 7 |a MMPH  |2 bicssc 
072 7 |a MMP  |2 bicssc 
072 7 |a MED008000  |2 bisacsh 
082 0 4 |a 616.0757  |2 23 
245 1 0 |a Dysphagia  |h [electronic resource] :  |b Diagnosis and Treatment /  |c edited by Olle Ekberg. 
264 1 |a Berlin, Heidelberg :  |b Springer Berlin Heidelberg :  |b Imprint: Springer,  |c 2012. 
300 |a XIX, 615 p. 65 illus., 15 illus. in color.  |b online resource. 
336 |a text  |b txt  |2 rdacontent 
337 |a computer  |b c  |2 rdamedia 
338 |a online resource  |b cr  |2 rdacarrier 
347 |a text file  |b PDF  |2 rda 
490 1 |a Medical Radiology,  |x 0942-5373 
505 0 |a Anatomy and physiology -- Saliva -- Feeding respiratory pattern -- Evaluation of symptoms -- Imaging techniques and some principles of interpretation -- Neuroimaging in swallowing -- The clinical and radiological approach to dysphagia -- Neurology of swallowing and dysphagia -- Oral and pharyngeal function and dysfunction -- Pharyngeal morphology -- Pharyngeal manometry -- Surgical aspects of oral and pharyngeal dysfunction and dysphagia -- The postoperative pharynx -- Evaluation and treatment after head and neck surgery and/or chemo-radiotherapy of head and neck malignancy -- Indirect treatment of oral and pharyngeal dysfunction -- Rheologic aspects of swallowing and dysphagia -- Indirect treatment of oral and pharyngeal dysfunction -- The dietician´s role in diagnosis and treatment of dysphagia -- The therapeutic swallowing study -- Transcranial magnetic stimulation (TMS) -- Malnutrition in dysphagia -- Pulmonary complications in dysphagia -- Dehydration in dysphagia -- The importance of enteral nutrition -- Radiologic evaluation of esophageal function -- Esophageal morphology -- Esophageal manometry and pH-monitoring -- Intervention on the esophagus -- Gastroesophageal reflux disease, globus and dysphagia -- Endoscopy of the pharynx and esophagus -- Cross-sectional imaging of the hypopharynx and esophagus -- Pediatric aspects on dysphagia -- The pediatric esophagus -- Dysphagia in systemic disease -- The geriatric pharynx and esophagus -- Voice and dysphagia -- Psychiatric aspects of dysphagia. 
520 |a This book provides a comprehensive and up-to-date description of the diagnosis and management of dysphagia, with particular reference to oral and pharyngeal dysfunction. All aspects of dysphagia are covered, from anatomy and physiology to patient care. Alongside descriptions of a variety of disease entities, signs and symptoms, and treatment approaches, many other relevant topics are addressed, including endoscopic and manometric aspects, malnutrition and dehydration, the psychiatric burden, and features specific to pediatric and geriatric patients. The authors are without exception renowned experts in their field. This book will be of value to all specialists involved in the evaluation and treatment of dysphagia, including ENT surgeons, thoracic surgeons, speech and language pathologists, phoniatricians, gastroenterologists, neurologists, and radiologists. 
650 0 |a Medicine. 
650 0 |a Radiology. 
650 0 |a Gastroenterology. 
650 0 |a Geriatrics. 
650 0 |a Otorhinolaryngology. 
650 1 4 |a Medicine & Public Health. 
650 2 4 |a Imaging / Radiology. 
650 2 4 |a Otorhinolaryngology. 
650 2 4 |a Gastroenterology. 
650 2 4 |a Geriatrics/Gerontology. 
700 1 |a Ekberg, Olle.  |e editor. 
710 2 |a SpringerLink (Online service) 
773 0 |t Springer eBooks 
776 0 8 |i Printed edition:  |z 9783642178863 
830 0 |a Medical Radiology,  |x 0942-5373 
856 4 0 |u http://dx.doi.org/10.1007/978-3-642-17887-0  |z Full Text via HEAL-Link 
912 |a ZDB-2-SME 
950 |a Medicine (Springer-11650)